000 00507nam a22001817a 4500
003 OSt
005 20240822161759.0
008 240822b |||||||| |||| 00| 0 eng d
020 _a9788126436132
040 _cSBCL
082 _a894.8123
_bBAS-P
100 _aBasheer,Vaikom Muhammad
245 _aPremalekhanam
260 _aDC Kizhakemuri
_bDC Books
_c1943
300 _a55p.
650 _2Literature & rhetoric
_aLiteratures of other languages
_vNon-Semitic Afro-Asiatic literatures
942 _cBOOK
999 _c136250
_d136250